000 00272nam a22001337a 4500
008 170204b xxu||||| |||| 00| 0 eng d
020 _a542598
041 _aeng
080 _a61
100 _a3
101 _aSHM
245 _aEPIDEMIOLOGY
_cMACMAHON, B
942 _2udc
_cBK
999 _c4669
_d4669